| 000 | 00648nam a22001937i 4500 | ||
|---|---|---|---|
| 999 |
_c22814 _d22814 |
||
| 003 | AR-CdUCM | ||
| 008 | 240327b20212021pe ||||| |||| 00| 0 spa d | ||
| 020 | _a978-612-4436-38-3 | ||
| 040 |
_aMUNICIPALIDAD PROVINCIAL DEL CUSCO _cBIBLIOTECA MUNICIPAL DEL CUSCO |
||
| 041 | _hspa | ||
| 082 |
_a869.56 / Z87M9 _bZ87M9 |
||
| 100 |
_aZorrilla, Zein _948498 |
||
| 245 |
_aEl Mestizo de los Andes y su Destino : _bEsplendor oligárquico 1895-1919 / |
||
| 260 |
_aLima : _bLuvia Editores, _c2021 |
||
| 300 |
_a139 página. : _c24 cm. |
||
| 505 | _aResurrección -- Esplendor Oligárquico -- Exordio | ||
| 942 |
_2ddc _cLIBROS |
||
| 945 |
_apbm _d27-03-2024 |
||